| 000 | 006260000a22001810004500 | ||
|---|---|---|---|
| 090 |
_aAR _b03682 |
||
| 245 | 1 | 0 | _aProtección de los sistemas de medicina tradicional, patentamiento y promoción de las plantas medicinales |
| 500 | _a<Colección Recursos Genéticos> | ||
| 650 | 1 | 4 |
_aMedicina tradicional _994033 |
| 650 | 1 | 4 |
_aMedicamentos patentados _997430 |
| 650 | 1 | 4 |
_aPlantas medicinales _993263 |
| 650 | 1 | 4 |
_aDerechos de propiedad intelectual _996836 |
| 651 | 4 |
_pColombia _992749 |
|
| 041 | 0 | _aEspañol | |
| 100 | 1 |
_aMaría Correa, Carlos _997431 |
|
| 942 | _cARTICULO | ||
| 773 | 1 |
_tPropiedad Inmaterial _h2 _q137-159 _d2004 |
|
| 999 |
_c12729 _d12729 |
||